Cómo hacer una tesis (de arquitectura) : (Registro nro. 62619)
[ vista simple ]
| 000 -LEADER | |
|---|---|
| campo de control de longitud fija | 01969 a2200277 04500 |
| 003 - IDENTIFICADOR DE NÚMERO DE CONTROL | |
| campo de control | PE-LiUPU |
| 005 - FECHA Y HORA DE LA ÚLTIMA TRANSACCIÓN | |
| campo de control | 20250731183448.0 |
| 008 - DATOS DE LONGITUD FIJA--INFORMACIÓN GENERAL | |
| campo de control de longitud fija | 050629s2007 mx spa d |
| 020 ## - NÚMERO INTERNACIONAL ESTÁNDAR DEL LIBRO | |
| Número Internacional Estándar del Libro | 9781643600413 |
| 040 ## - FUENTE DE CATALOGACIÓN | |
| Lengua de catalogación | spa |
| Centro/agencia transcriptor | PE-LiUPU |
| Centro/agencia modificador | PE-LiUPU |
| Normas de descripción | rda |
| 082 04 - NÚMERO DE LA CLASIFICACIÓN DECIMAL DEWEY | |
| Número de clasificación | 720.72 |
| Cutter | M553 |
| Número de edición | 23 |
| 100 ## - ENTRADA PRINCIPAL--NOMBRE DE PERSONA | |
| Nombre de persona | Bevilacqua, Flavio |
| Término indicativo de función/relación | autor. |
| 9 (RLIN) | 4384 |
| 245 10 - MENCIÓN DEL TÍTULO | |
| Título | Cómo hacer una tesis (de arquitectura) : |
| Resto del título | Lineamientos teóricos para la elaboración de un trabajo de tesis del taller de diseño en arquitectura / |
| Mención de responsabilidad, etc. | Flavio Bevilacqua. |
| 264 ## - PRODUCCIÓN, PUBLICACIÓN, DISTRIBUCIÓN, FABRICACIÓN Y COPYRIGHT | |
| Producción, publicación, distribución, fabricación y copyright | Buenos Aires : |
| Nombre del de productor, editor, distribuidor, fabricante | Diseño, |
| Fecha de producción, publicación, distribución, fabricación o copyright | 2019. |
| 300 ## - DESCRIPCIÓN FÍSICA | |
| Extensión | 101 páginas : |
| Otras características físicas | ilustrado ; |
| Dimensiones | 21 centímetros. |
| 504 ## - NOTA DE BIBLIOGRAFÍA, ETC. | |
| Nota de bibliografía, etc. | Bibliografía: páginas 100-101 |
| 505 ## - NOTA DE CONTENIDO CON FORMATO | |
| Nota de contenido con formato | Definición de conceptos fundamentales -- Derribar el proyecto – Definiciones -- Proyecto de arquitectura -- Operación de diseño en arquitectura -- Sistema teleológicamente orientado -- Causalidad en el proyecto -- En busca del óptimo mediante el proyecto -- Tiempo Amo y esclavo -- Sistemas de acción -- El proyecto como sistema abierto -- Autopoiesis -- La complejidad del modo en el que se proyecta -- Estado de excepción y proyecto -- Funcionalismo de la equivalencia -- Programas en los sistemas -- Operación proyectual -- Observar la operación -- Operación formalmente organizada -- El proyecto del proyecto -- El proyecto del proyecto -- Denominación del proyecto -- Temática -- Construcción del problema de diseño -- Análisis de antecedentes -- Justificación del proyecto -- Viabilidad del trabajo -- Planteo de interrogantes -- Objetivos -- Intención proyectual -- Teoría de referencia -- Actividades -- Operacionalización -- Condiciones de presentación. |
| 526 ## - NOTA DE INFORMACIÓN SOBRE EL PROGRAMA DE ESTUDIO | |
| Nombre del programa | Maestría Bim Facility Management (A distancia) |
| 526 ## - NOTA DE INFORMACIÓN SOBRE EL PROGRAMA DE ESTUDIO | |
| Nombre del programa | |
| 526 ## - NOTA DE INFORMACIÓN SOBRE EL PROGRAMA DE ESTUDIO | |
| Nombre del programa | Educación musical y artes |
| 526 ## - NOTA DE INFORMACIÓN SOBRE EL PROGRAMA DE ESTUDIO | |
| Nombre del programa | Educación, especialidad educación física |
| 526 ## - NOTA DE INFORMACIÓN SOBRE EL PROGRAMA DE ESTUDIO | |
| Nombre del programa | Arquitectura |
| 650 14 - PUNTO DE ACCESO ADICIONAL DE MATERIA--TÉRMINO DE MATERIA | |
| Término de materia o nombre geográfico como elemento de entrada | Arquitectura |
| Subdivisión general | Investigación. |
| 9 (RLIN) | 3373 |
| 942 ## - ELEMENTOS DE ENTRADA SECUNDARIOS (KOHA) | |
| Tipo de ítem Koha | Libros físicos |
| Fuente del sistema de clasificación o colocación | Clasificación Decimal Dewey |
| Suprimir en OPAC | No |
| 980 ## - EQUIVALENCIA O REFERENCIA-CRUZADA-MENCIÓN DE SERIE--NOMBRE DE PERSONA/TÍTULO [LOCAL, CANADÁ] | |
| ID del usuario creador del registro | 18226 |
| Nombre del creador del registro | Jaime Vilcazán Jefe de Análisis Documental |
| ID del último usuario que modificó el registro | 1 |
| Nombre del último usuario que modificó el registro | ALBERTO SANCHEZ Responsable de Automatización |
| Visto por última vez | Total de préstamos | Signatura topográfica completa | Código de barras | Copia número | Coste, precio de reemplazo | Fecha de reemplazo | Facultad | Tipo de ítem Koha | Estado de pérdida | Fuente del sistema de clasificación o colocación | Restricciones de uso | No para préstamo | Colección | Programa académico | Biblioteca de origen | Biblioteca actual | Ubicación en estantería | Fecha de adquisición | Fuente de adquisición | Coste, precio normal de compra |
|---|---|---|---|---|---|---|---|---|---|---|---|---|---|---|---|---|---|---|---|---|
| 2025-12-03 | 720.72 M553 | 82260 | e1 | 16.82 | 2024-09-11 | FIA | Libros físicos | No Perdido | Clasificación Decimal Dewey | No restringido | Disponible para préstamos | Colección General | Arquitectura | Biblioteca CRAI UPeU Lima | Biblioteca CRAI UPeU Lima | Sala principal | 2024-09-09 | Compra, Arcadia | 11.82 |